000 00764nam a2200301Ia 4500
008 210210b2011 xxu||||| |||| 00| 0 eng d
020 _a8121932459
041 _aeng
082 _a005.74 CHOD
100 _aCHOPRA (Rajiv Er)
245 _aDatabase management systems DBMS: a practical approach
_bConcepts principles case studies experiments
260 _aNew Delhi
_bS. Chand & Co. Ltd.
_c2011
300 _axvi,687
650 _asystems
650 _astudies
650 _aprinciples
650 _apractical
650 _amanagement
650 _aexperiments
650 _aDBMS:
650 _aDatabase
650 _aConcepts
650 _acase
650 _aapproach
650 _aa
690 _aData Base Management
906 _a065790
999 _c146472
_d146472